The Concise Dictionary of Management

Bibliographic Details
Main Author: Statt, Davis A.
Format: Book
Published: London : Routledge , 1991
Subjects:

MARC

LEADER 00000cam a2200000 7i4500
001 0000003917
005 20040408.0
020 |a 0415055695 
040 |a INS 
090 0 0 |a HD30.15.   |b S73 1991 
100 1 |a Statt, Davis A. 
245 1 4 |a The Concise Dictionary of Management   |c David A.Statt 
260 |a London :   |b Routledge ,   |c 1991 
300 |a 163p. ;   |c 21.5 cm. 
650 0 0 |a Management   |x Dictionaries 
999 |a 0000005174   |b BOOK   |c Reference   |e Default branch